Cosmic rays.

Bibliographic Details
Main Author: Cranshaw, T. E.
Format: Book
Language:English
Published: Oxford : Clarendon Press, 1963.
Series:Oxford library of the physical sciences.
Subjects:

MARC

Tag First Indicator Second Indicator Subfields
LEADER 00000cam a2200000 4500
001 in00000039938
005 20151007070434.0
008 730116s1963 enk 00000 eng u
010 |a  63005816  
035 |a (OCoLC)00538435 
035 |9 AAE4019AM 
040 |c WSU  |d TXA  |d UtOrBLW 
049 |a TXAM  |c [366957] 
050 0 |a QC485  |b .C68 
092 |a 539.7223  |b C891c, 1963 
100 1 |a Cranshaw, T. E. 
245 1 0 |a Cosmic rays. 
264 1 |a Oxford :  |b Clarendon Press,  |c 1963. 
300 |a 125 pages 
336 |a text  |b txt  |2 rdacontent 
337 |a unmediated  |b n  |2 rdamedia 
338 |a volume  |b nc  |2 rdacarrier 
490 1 |a Oxford library of physical sciences 
650 0 |a Cosmic rays. 
830 0 |a Oxford library of the physical sciences. 
999 |a MARS 
999 f f |s aad19ce6-3b2d-332e-8e26-7bed772dc63e  |i 5220eaa5-3d51-35f2-9e17-147505948394  |t 0 
952 f f |p normal  |a Texas A&M University  |b College Station  |c Sterling C. Evans Library  |d Evans: Library Stacks  |t 0  |e QC485 .C68  |h Library of Congress classification  |i unmediated -- volume  |m A14800930383 
998 f f |a QC485 .C68  |t 0  |l Evans: Library Stacks